Statistics for Country Flags - Hard

Click here to take the quiz!

General Stats

  • This quiz has been taken 1,686 times
  • The average score is 12 of 15

Answer Stats

Answer% Correct
Malta
93%
Monaco
90%
Senegal
88%
Andorra
87%
Montenegro
86%
Trinidad and Tobago
86%
Brunei
82%
Saint Lucia
81%
Bahamas
80%
Malawi
75%
Micronesia
75%
Nauru
73%
Suriname
71%
Timor Leste
67%
Vanuatu
64%

Score Distribution

Percentile by Number Answered

Percent of People with Each Score

Your Score History

You have not taken this quiz